<?xml version="1.0" encoding="UTF-8"?>
<record
    xmlns:xsi="http://www.w3.org/2001/XMLSchema-instance"
    xsi:schemaLocation="http://www.loc.gov/MARC21/slim http://www.loc.gov/standards/marcxml/schema/MARC21slim.xsd"
    xmlns="http://www.loc.gov/MARC21/slim">

  <leader>02883nam a2200229Ia 4500</leader>
  <controlfield tag="003">IT-RoPAU</controlfield>
  <controlfield tag="005">20220918175645.0</controlfield>
  <controlfield tag="008">120407s9999    xx            000 0 und d</controlfield>
  <datafield tag="040" ind1=" " ind2=" ">
    <subfield code="a">IT-RoPAU</subfield>
  </datafield>
  <datafield tag="040" ind1=" " ind2=" ">
    <subfield code="c">IT-RoPAU</subfield>
  </datafield>
  <datafield tag="041" ind1=" " ind2=" ">
    <subfield code="a">ita</subfield>
  </datafield>
  <datafield tag="100" ind1=" " ind2=" ">
    <subfield code="a">Alberione, Giacomo</subfield>
    <subfield code="c">ssp</subfield>
    <subfield code="9">14</subfield>
  </datafield>
  <datafield tag="245" ind1=" " ind2=" ">
    <subfield code="a">Brevi meditazioni per ogni giorno dell&#x2019;anno</subfield>
  </datafield>
  <datafield tag="250" ind1=" " ind2=" ">
    <subfield code="a">1&#xB0; ed.</subfield>
  </datafield>
  <datafield tag="260" ind1=" " ind2=" ">
    <subfield code="a">Roma</subfield>
    <subfield code="b">Societ&#xE0; Apostolato Stampa</subfield>
    <subfield code="c">1948</subfield>
  </datafield>
  <datafield tag="300" ind1=" " ind2=" ">
    <subfield code="c">16,5 cm</subfield>
    <subfield code="a"> 439 p.</subfield>
  </datafield>
  <datafield tag="490" ind1=" " ind2=" ">
    <subfield code="a">I libri della vita</subfield>
  </datafield>
  <datafield tag="490" ind1=" " ind2=" ">
    <subfield code="v">2</subfield>
    <subfield code="a">6</subfield>
  </datafield>
  <datafield tag="520" ind1=" " ind2=" ">
    <subfield code="a">INDICE
PARTE III
Le grandi preghiere
I Sacramenti;
Il Battesimo;
La Cresima;
L'Eucarestia;
La Santa Messa;
La Santa Comunione;
Giornata eucaristica;
La presenza reale;
Visita a Ges&#xF9; Eucaristico;
La Penitenza;
Estrema Unzione;
L'Ordine;
Il Matrimonio;
La preghiera;
L'orazione;
L'orazione vocale;
L'orazione vitale;
I Sacramentali;
Lo stato religioso;
Direzione spirituale;
Vocazioni;
La liturgia;
Anno liturgico;
Domenica I di Avvento;
Domenica IV di Avvento;
Vigilia di Natale;
Natale;
S. Stefano Protomartire;
S. Giovanni Evangelista;
Domenica tra l'ottava del Natale;
Ultimo giorno dell'anno;
Primo dell'anno;
Epifania;
Domenica II-III-IV-V-VI dopo l'Epifania;
Domenica di Settuagesima;
Domenica di Sessagesima;
Domenica di Quinquagesima;
Mercoled&#xEC; delle Ceneri;
Domenica I-II-III-IV di Quaresima;
Domenica di Passione;
Domenica delle Palme;
Gioved&#xEC; Santo;
Venerd&#xEC; Santo;
Sabato Santo;
Pasqua di Risurrezione;
Domenica in Albis;
II Domenica dopo Pasqua;
Mercoled&#xEC; dopo la II Domenica di Pasqua;
Patrocinio di S. Giuseppe;
III-IV-V Domenica dopo Pasqua;
Ascensione;
Domenica fra l'ottava dell'Ascensione;
Pentecoste;
Domenica della SS.ma Trinit&#xE0;;
Corpus Domini;
Domenica II-III-IV-V-VI-VII-VIII-IX-X-XI-XII-XIII-XIV-XV-XVI-XVII-XVIII-XIX-XX-XXI-XXII-XXIII-XXIV dopo Pentecoste;
Cattedra di S. Pietro a Roma (18 gennaio);
La conversione di S. Paolo (25 gennaio);
La purificazione (2 febbraio);
S. Giuseppe (19 marzo);
S. Giuseppe protettore della Chiesa universale;
S. Giuseppe patrono dei moribondi;
S. Gabriele Arcangelo (24 marzo);
S. Marco Evangelista (25 aprile);
S. Giovanni Battista (24 giugno);
SS. Pietro e Paolo (29 giugno);
Trasfigurazione di Nostro Signore Ges&#xF9; Cristo;
Assunzione di Maria SS. al cielo (15 agosto);
S. Matteo Evangelista (21 settembre);
S. Michele Arcangelo (29 settembre);
Santi Angeli Custodi (2 ottobre);
Festa del Santo Rosario (7 ottobre);
S. Lucia Evangelista (18 ottobre);
S. Raffaele Arcangelo (24 ottobre);
La Regalit&#xE0; di N.S. Ges&#xF9; Cristo (ultima domenica di ottobre);
Festa di tutti i Santi (1 novembre);
La commemorazione di tutti i fedeli defunti (8 novembre);
APPENDICE
Mese del Paradiso (gennaio);
Mese a S. Giuseppe;
Mese a Maria Santissima;
Mese al Sacro Cuor di Ges&#xF9;;
Mese del Santo Rosario;
Mese dei Defunti;
Primo gioved&#xEC; del mese;
Sabato ad onore di Maria SS.

</subfield>
  </datafield>
  <datafield tag="942" ind1=" " ind2=" ">
    <subfield code="c">BK</subfield>
    <subfield code="2">ddc</subfield>
  </datafield>
  <datafield tag="999" ind1=" " ind2=" ">
    <subfield code="c">23713</subfield>
    <subfield code="d">23713</subfield>
  </datafield>
  <datafield tag="952" ind1=" " ind2=" ">
    <subfield code="0">0</subfield>
    <subfield code="1">0</subfield>
    <subfield code="2">ddc</subfield>
    <subfield code="4">0</subfield>
    <subfield code="6">SCGA__11_000000000000000</subfield>
    <subfield code="7">1</subfield>
    <subfield code="a">PAULUS</subfield>
    <subfield code="b">PAULUS</subfield>
    <subfield code="d">2012-04-11</subfield>
    <subfield code="l">0</subfield>
    <subfield code="o">ScGA.11</subfield>
    <subfield code="r">2012-04-11 00:00:00</subfield>
    <subfield code="w">2012-04-11</subfield>
    <subfield code="y">BK</subfield>
    <subfield code="z">Inserito da: Sergio In data: 27 settembre 2011 fondo: Via A.Severo 56 Progr:2221</subfield>
  </datafield>
</record>
